000 00300nam a22001217a 4500
008 190312b xxu||||| |||| 00| 0 eng d
041 _aeng
080 _a043.3
100 _a0
101 _aINI-BA
245 _aProjektimi dhe llogaritja e konstruksioneve të kulmit
_cFejzulahi,L
942 _2udc
_cBK
999 _c54727
_d54727